|
|
|
|
| LEADER |
00000cas a2200000 c 4500 |
| 001 |
1030652368 |
| 003 |
DE-627 |
| 005 |
20230404184459.0 |
| 007 |
cr ||||||||||| |
| 008 |
180912c20129999xx z| m|o 0 |0eng c |
| 016 |
7 |
|
|a 1166774813
|2 DE-101
|
| 016 |
7 |
|
|a 2942264-4
|2 DE-600
|
| 035 |
|
|
|a (DE-627)1030652368
|
| 035 |
|
|
|a (DE-576)510886361
|
| 035 |
|
|
|a (DE-599)ZDB2942264-4
|
| 035 |
|
|
|a (OCoLC)1056156310
|
| 040 |
|
|
|a DE-627
|b ger
|c DE-627
|e rda
|
| 041 |
|
|
|a eng
|
| 082 |
0 |
4 |
|a 940
|q DE-600
|
| 245 |
0 |
0 |
|a Translated texts for Byzantinists
|
| 246 |
3 |
3 |
|a TTB
|
| 264 |
3 |
1 |
|a Liverpool
|b Liverpool University Press
|c 2012-
|
| 300 |
|
|
|a Online-Ressource
|
| 336 |
|
|
|a Text
|b txt
|2 rdacontent
|
| 337 |
|
|
|a Computermedien
|b c
|2 rdamedia
|
| 338 |
|
|
|a Online-Ressource
|b cr
|2 rdacarrier
|
| 362 |
0 |
|
|a Volume 1 (2012) -
|
| 363 |
0 |
1 |
|a 1
|i 2012
|
| 601 |
|
|
|a Translation
|
| 601 |
|
|
|a Byzantinistik
|
| 655 |
|
7 |
|a Monografische Reihe
|0 (DE-588)4179998-7
|0 (DE-627)104628669
|0 (DE-576)209995106
|2 gnd-content
|
| 776 |
0 |
8 |
|i Erscheint auch als
|n Druck-Ausgabe
|t Translated texts for Byzantinists
|d Liverpool : Liverpool Univ. Press, 2012
|w (DE-627)788842404
|w (DE-600)2774804-2
|w (DE-576)369273672
|k Non-Electronic
|
| 856 |
4 |
0 |
|u https://www.liverpooluniversitypress.co.uk/topic/book-series/translated-texts-for-byzantinists
|x Verlag
|7 1
|
| 912 |
|
|
|a ZDB-92-TTH
|
| 951 |
|
|
|a ST
|
| ELC |
|
|
|a 1
|
| ORI |
|
|
|a TA-MARC-ixtheo_ob001.raw
|
| REL |
|
|
|a 1
|
| SPR |
|
|
|a 1
|t IXT
|
| SUB |
|
|
|a REL
|